Influence of epoxy groups present in polymers on adhesion of fibers to rubber matrix (Record no. 61224)

MARC details
000 -LEADER
fixed length control field 00550nam a2200157Ia 4500
100 ## - MAIN ENTRY--AUTHOR NAME
Personal name Parasiewicz W
245 #0 - TITLE STATEMENT
Title Influence of epoxy groups present in polymers on adhesion of fibers to rubber matrix
260 ## - PUBLICATION, DISTRIBUTION, ETC. (IMPRINT)
Name of publisher International Rubber Conference 1997. Rubber Science and Technology: Improving Quality of Life, Kuala Lumpur, Malaysia 6-9 Oct 1997; p604-607
650 ## - SUBJECT ADDED ENTRY--TOPICAL TERM
Topical Term Adhesion
650 ## - SUBJECT ADDED ENTRY--TOPICAL TERM
Topical Term Polymers
650 ## - SUBJECT ADDED ENTRY--TOPICAL TERM
Topical Term Rubber matrix
700 ## - ADDED ENTRY--PERSONAL NAME
Personal name Slusarki L
700 ## - ADDED ENTRY--PERSONAL NAME
Personal name Zaborski M
942 ## - ADDED ENTRY ELEMENTS (KOHA)
Koha item type Journals
Holdings
Withdrawn status Lost status Damaged status Not for loan Home library Current library Shelving location Date acquired Koha item type
      Journals RRII Library RRII Library Rubber chemistry 17/12/2021 Journals